| 000 | 00536nam a2200181Ia 4500 | ||
|---|---|---|---|
| 999 |
_c29809 _d29809 |
||
| 003 | OSt | ||
| 005 | 20201215112732.0 | ||
| 008 | 190216s9999||||xx |||||||||||||| ||und|| | ||
| 020 | _a9788126423361 | ||
| 040 | _coclc | ||
| 082 |
_a894.8121 _bSRE/K |
||
| 100 |
_aSreekumar, Kureeppuzha _97505 |
||
| 245 | 0 |
_aKureeppuzha Sreekumarinte Kavithakal / _cKureeppuzha Sreekumar |
|
| 260 |
_bD C Books, _c2010. _aKottayam: |
||
| 300 | _a284p | ||
| 650 | _aKavithkal | ||
| 942 |
_cBK _2ddc _h894.8121 _iSRE/K _k894.8121 _mSRE/K |
||